LEADER 01524nam 2200469 a 450 001 9910457946503321 005 20200520144314.0 010 $a1-61470-182-2 035 $a(CKB)2550000000060077 035 $a(EBL)3019840 035 $a(MiAaPQ)EBC3019840 035 $a(Au-PeEL)EBL3019840 035 $a(CaPaEBR)ebr10671405 035 $a(OCoLC)928193880 035 $a(EXLCZ)992550000000060077 100 $a20081204d2009 uy 0 101 0 $aeng 135 $aur|n|---||||| 200 10$aKinematic-wave rainfall-runoff formulas$b[electronic resource] /$fTommy S.W. Wong 210 $aNew York $cNova Science Publishers$dc2009 215 $a1 online resource (266 p.) 225 1 $aHydrological science and engineering series 300 $aDescription based upon print version of record. 311 $a1-60692-705-1 320 $aIncludes bibliographical references and index. 410 0$aHydrological science and engineering series. 606 $aRunoff$xMathematical models 606 $aRain and rainfall$xMathematical models 606 $aHydrologic models 608 $aElectronic books. 615 0$aRunoff$xMathematical models. 615 0$aRain and rainfall$xMathematical models. 615 0$aHydrologic models. 676 $a627/.042 700 $aWong$b Tommy S. W$0918281 801 0$bMiAaPQ 801 1$bMiAaPQ 801 2$bMiAaPQ 906 $aBOOK 912 $a9910457946503321 996 $aKinematic-wave rainfall-runoff formulas$92189726 997 $aUNINA LEADER 01001nam0 22002651i 450 001 UON00325323 005 20231205104157.760 100 $a20090701f1969 |0itac50 ba 101 $aeng 102 $aUS 105 $a|||| 1|||| 200 1 $aThem$fJoyce Carol Oates 210 $aGreenwich, Connect.$cFawcett$dc1969 215 $a478 p.$d18 cm. 410 1$1001UON00488777$12001 $aFawcett Crest Book$1210 $aGreenwich, Connecticut$cFawcett 620 $aUS$dGreenwich (Conn.)$3UONL002221 676 $a813.52$cNarrativa americana in lingua inglese. 1900-1945$v21 700 1$aOATES$bJoyce Carol$3UONV186725$0445469 712 $aFawcett$3UONV275526$4650 801 $aIT$bSOL$c20240220$gRICA 899 $aSIBA - SISTEMA BIBLIOTECARIO DI ATENEO$2UONSI 912 $aUON00325323 950 $aSIBA - SISTEMA BIBLIOTECARIO DI ATENEO$dSI NordA V A 0482 $eSI LO 34239 7 0482 996 $aThem$91370304 997 $aUNIOR